000 00351nam a2200145Ia 4500
008 150201s2009 xx 000 0 und d
082 _a616.07
_bG09W
100 _aUNDERWOOD,J C E
245 _aGENERAL AND SYSTEMATIC PATHOLOGY
250 _a5TH
260 _bJAYPEE BROTHERS
_aDELHI
_c2009
300 _a1-857
650 _aPATHOLOGY
942 _2ddc
_cBK
999 _c488
_d488